L'omosessualita' nella psicoanalisi

Salvato in:
Dettagli Bibliografici
Autore principale: Bassi Fabiano
Natura: Libro
Lingua:lingua imprecisata
Pubblicazione: Torino Einaudi 2000
Tags: Aggiungi Tag
Nessun Tag, puoi essere il primo ad aggiungerne!!

MARC

LEADER 00000nam a2200000Ia 4500
001 97
003 NUMERAZIONE-ORIGINALE-BRESCIA
005 20260206230748.0
008 260206s9999 xx 000 0 und d
100 |a Bassi Fabiano 
245 0 |a L'omosessualita' nella psicoanalisi 
260 |a Torino 
260 |b Einaudi 
260 |c 2000 
500 |a Piccola biblioteca Einaudi 
942 |2 ddc  |c BK  |n 0 
952 |0 0  |1 0  |2 ddc  |4 0  |6 31  |7 0  |9 28283  |a BS  |b BS  |d 2026-02-06  |i 97  |l 0  |o 3-1-*  |r 2026-02-06 22:40:32  |w 2026-02-06  |x [REVISIONARE]  |y BK 
999 |c 23979  |d 23979